The path to good health and inner peace / (Record no. 26769)

MARC details
000 -LEADER
fixed length control field 00832nam a2200229 a 4500
005 - DATE AND TIME OF LATEST TRANSACTION
control field 20090525142943.0
008 - FIXED-LENGTH DATA ELEMENTS--GENERAL INFORMATION
fixed length control field 070816s2008 nyua b 001 0 eng
010 ## - LCCN (DPL NO)
LC control number ENG-93721
020 ## - INTERNATIONAL STANDARD BOOK NUMBER
International Standard Book Number 9788121613521
Terms of availability 195.00
035 ## - SYSTEM CONTROL NUMBER
System control number EN-77254
037 ## - SOURCE OF ACQUISITION
Source of stock number/acquisition DBAD / PUB
040 ## - CATALOGING SOURCE
Original cataloging agency dpl
Language of cataloging English
082 ## - DEWEY DECIMAL CLASSIFICATION NUMBER
Classification number 615.5
100 ## - MAIN ENTRY--PERSONAL NAME
Personal name Vennells, David
245 ## - TITLE STATEMENT
Title The path to good health and inner peace /
Statement of responsibility, etc by David Vennells
260 ## - PUBLICATION, DISTRIBUTION, ETC. (IMPRINT)
Place of publication, distribution, etc New Delhi
Name of publisher, distributor, etc Hind Pocket Books
Date of publication, distribution, etc 2009
270 ## - ADDRESS
Address J-40, Jorbagh Lane,
City New Delhi
Postal code 110003
300 ## - PHYSICAL DESCRIPTION
Extent 286p.:
Dimensions 23cm(pbk)
Other physical details ill.
490 ## - SERIES STATEMENT
Series statement Health series
942 ## - ADDED ENTRY ELEMENTS (KOHA)
Source of classification or shelving scheme Dewey Decimal Classification
Item type English Books
Call number suffix VEN
Classification part 615.5
Holdings
Withdrawn status Lost status Source of classification or shelving scheme Damaged status Not for loan Collection code Home library Current library Date acquired Source of acquisition Cost, normal purchase price Total Checkouts Full call number Barcode Date last seen Copy number Cost, replacement price Koha item type
    Dewey Decimal Classification   Not For Loan Non-fiction D.B.Act.Division D.B.Act.Division 25/05/2009 DBAD / PUB 195.00   615.5 VEN EN-77254 25/05/2009 1 195.00 English Books

© Delhi Public Library
Hit Counter
free hit counter